La cerámica en la Ciudad de México (Record no. 415)

MARC details
000 -CABECERA
campo de control de longitud fija 00898nam a2200229 a 4500
001 - NÚMERO DE CONTROL
campo de control BRCA_481
005 - FECHA Y HORA DE LA ÚLTIMA TRANSACCIÓN
campo de control 20190320203029.0
008 - DATOS DE LONGITUD FIJA--INFORMACIÓN GENERAL
campo de control de longitud fija 980512s1997 mx-a---##b---s000-0#spa-#
020 ## - NÚMERO INTERNACIONAL ESTÁNDAR DEL LIBRO
Número Internacional Estándar del Libro 968816139X
040 ## - FUENTE DE LA CATALOGACIÓN
Centro catalogador/agencia de origen DLC
Centro/agencia transcriptor DLC
050 #4 - SIGNATURA TOPOGRÁFICA DE LA BIBLIOTECA DEL CONGRESO
Número de clasificación NK4032.M4
Número de documento/Ítem .C47 1997
245 10 - MENCIÓN DE TÍTULO
Título La cerámica en la Ciudad de México
Resto del título 1325-1917.
260 ## - PUBLICACIÓN, DISTRIBUCIÓN, ETC.
Lugar de publicación, distribución, etc. Ciudad de México
Nombre del editor, distribuidor, etc. Departamento del Distrito Federal : Museo de la Ciudad de México, Patronato
Fecha de publicación, distribución, etc. 1997
300 ## - DESCRIPCIÓN FÍSICA
Extensión 173 p.
Otras características físicas il. a color
Dimensiones 31 cm.
500 ## - NOTA GENERAL
Nota general Catálogo de la exposición realizada en el Museo de la Ciudad de México, 1997
500 ## - NOTA GENERAL
Nota general Contiene información sobre piezas de la colección Franz Mayer
504 ## - NOTA DE BIBLIOGRAFÍA, ETC.
Nota de bibliografía, etc. Bibliografía: p. 168-173
650 14 - PUNTO DE ACCESO ADICIONAL DE MATERIA--TÉRMINO DE MATERIA
Término de materia o nombre geográfico como elemento de entrada Alfarería mexicana
Subdivisión general Exposiciones
9 (RLIN) 1650
650 14 - PUNTO DE ACCESO ADICIONAL DE MATERIA--TÉRMINO DE MATERIA
Término de materia o nombre geográfico como elemento de entrada Alfarería
Subdivisión general Exposiciones
Subdivisión geográfica México
9 (RLIN) 1651
650 14 - PUNTO DE ACCESO ADICIONAL DE MATERIA--TÉRMINO DE MATERIA
Término de materia o nombre geográfico como elemento de entrada Cerámica
Subdivisión general Historia
Subdivisión cronológica Siglo XIV-XX
Subdivisión geográfica Ciudad de México
9 (RLIN) 1652
942 ## - ELEMENTOS DE PUNTO DE ACCESO ADICIONAL (KOHA)
Fuente del sistema de clasificación o colocación Library of Congress Classification
Tipo de ítem Koha Libros
Holdings
Estado de retiro Estado de pérdida Estado dañado No para préstamo Localización permanente Ubicación/localización actual Fecha de adquisición Total de préstamos Signatura topográfica completa Código de barras Fecha visto por última vez Precio válido a partir de Tipo de ítem Koha
El ejemplar forma parte de la colección y puede ser consultado según las políticas vigentes.       Biblioteca del Museo Franz Mayer (Rogerio Casas-Alatriste) Biblioteca del Museo Franz Mayer (Rogerio Casas-Alatriste) 25/06/2008   NK4032.M4 .C47 1997 00782 22/03/2019 22/03/2019 Libros